| 000 | 00991nam a2200181 i 4500 | ||
|---|---|---|---|
| 001 | 173700 | ||
| 003 | ES-MaACL | ||
| 005 | 20230906215323.0 | ||
| 008 | 100112s1877 sp |||| | spa d | ||
| 245 | 0 | 0 |
_aDictamen y bases para la organización del personal administrativo de las cárceles y presidios de España / _cpresentados por la Comisión Especial nombrada para redactar una memoria para el Congreso Internacional Penitenciario de Estocolmo. |
| 260 |
_aBarcelona : _b[s.n.], _c1877 ( _fEst. Tip. de la Renaixensa) |
||
| 300 |
_a32 p. ; _c22 cm. |
||
| 594 | _aPrecede al tít.: Academia de Legislación y Jurisprudencia de Barcelona. | ||
| 650 | 4 |
_aEstablecimientos penitenciarios- _xPersonal. _9150562 |
|
| 710 | 2 |
_aAcademia de Jurisprudencia y Legislación de Barcelona. _91182 |
|
| 711 | 2 |
_aCongreso Penitenciario Internacional ( _d1878. _cEstocolmo) _9165779 |
|
| 852 |
_aES-MaACL _jD-165(17) _z- Enc. en un vol. facticio, en lomo: Estudios penitenciarios, 5 _z. - Donativo Lastres |
||
| 999 |
_c173700 _d173700 |
||